000
00328 a2200109 4500
001
ART_11008
005
20260410161849.0
008
260409a
245
1
0
_a
Incentivos fiscales a la inversión industrial
100
1
_a
Artana, Daniel
773
0
_t
Económica
_g
- Año XXXIII, Nº 1 (ene./jun. 1987)
_w
REV7541
999
_c
24851
_d
24851